| 000 | 00512nam a22001697a 4500 | ||
|---|---|---|---|
| 005 | 20250228070934.0 | ||
| 008 | 250228b |||||||| |||| 00| 0 eng d | ||
| 040 |
_aKMU _cKMU _dKMU |
||
| 100 | _aBwalya, Mumbi A. | ||
| 245 |
_aProspects of the contribution of home gardens to household food security in Mpongwe District/ _cBwalya, Mumbi A. |
||
| 260 |
_aChinsali; _bKMU, _c2022. |
||
| 300 |
_ax, 65p.: _bill.; _c29 cm. |
||
| 650 | _aAgroforestry. | ||
| 650 | _aGarden. | ||
| 650 | _aFood security. | ||
| 942 |
_cPR _n0 |
||
| 999 |
_c1669 _d1669 |
||